Statistics for Členské státy Evropské Unie

Click here to take the quiz!

General Stats

  • This quiz has been taken 687 times
    (685 since last reset)
  • The average score is 24 of 27

Answer Stats

Členský stát% Correct
Česká republika
99%
Slovensko
97%
Španělsko
96%
Francie
95%
Německo
95%
Polsko
94%
Portugalsko
93%
Itálie
92%
Belgie
91%
Chorvatsko
91%
Rakousko
91%
Slovinsko
91%
Finsko
90%
Švédsko
90%
Dánsko
88%
Litva
88%
Nizozemsko
87%
Estonsko
86%
Lotyšsko
86%
Maďarsko
86%
Bulharsko
85%
Rumunsko
84%
Irsko
83%
Lucembursko
82%
Řecko
80%
Malta
62%
Kypr
49%

Score Distribution

Percentile by Number Answered

Percent of People with Each Score

Your Score History

You have not taken this quiz since the last reset